Luật bảo hiểm xã hội năm 2006 và văn bản hướng dẫn thi hành về bảo hiểm xã hội tự nguyện

Nội dung sách giới thiệu luật bảo hiểm xã hội năm 2006, nghị định số 190/2007/NĐ-CP của Chính phủ hướng dẫn một số điều luật bảo hiểm xã hội.

Saved in:
Bibliographic Details
Corporate Authors: Việt Nam (Cộng hòa xã hội chủ nghĩa), Quốc hội
Format: Book
Language:Undetermined
Published: Hà Nội Chính trị Quốc gia 2008
Subjects:
Tags: Add Tag
No Tags, Be the first to tag this record!
Institutions: Trung tâm Học liệu Trường Đại học Cần Thơ
LEADER 01078nam a2200217Ia 4500
001 CTU_143461
008 210402s9999 xx 000 0 und d
020 |c 13000 
082 |a 344.59702 
082 |b V308 
110 |a Việt Nam (Cộng hòa xã hội chủ nghĩa) 
110 |b Quốc hội 
245 0 |a Luật bảo hiểm xã hội năm 2006 và văn bản hướng dẫn thi hành về bảo hiểm xã hội tự nguyện 
245 0 |c Việt Nam (Cộng hòa xã hội chủ nghĩa). Quốc hội 
260 |a Hà Nội 
260 |b Chính trị Quốc gia 
260 |c 2008 
520 |a Nội dung sách giới thiệu luật bảo hiểm xã hội năm 2006, nghị định số 190/2007/NĐ-CP của Chính phủ hướng dẫn một số điều luật bảo hiểm xã hội. 
650 |a Social insurance,Social security,Bảo hiểm xã hội,An ninh xã hội 
904 |i Tuyến 
980 |a Trung tâm Học liệu Trường Đại học Cần Thơ